000 00740nam a22002297a 4500
005 20170124110053.0
010 _aA-302886
020 _c45.00
_a0876921845
035 _aA-302886
037 _bCen Lib/Ret
040 _aDPL
_bEN
082 _a658.7
_bSTA
100 _aStar, Martin K.
_925931
245 _aInventory control :
_cby Martin K. Starr [and] david W. Miller
_btheory and practices /
260 _aNew Delhi
_bPrentice Hall of India
_c1962
270 _aM-97, connaught icircus
_bNew Delhi
_e110001
300 _aix, 258p.
_c21cm(Hb)
650 _aControl inventories
_925932
650 _aInventory problems
_vManuals
_925933
700 _aMiller, David W.
_925934
942 _2ddc
_cEN
_h658.7
_mSTA
999 _c129285
_d129285